000 00705nam a2200217Ii 4500
003 JO-AjNU
008 230605s9999||||xx |||||||||||||| ||und||
017 _a2014/007
020 _a978-99966-38-27-5
040 _aJO-AjNU
_bara
_erda
_cJO-AjNU
041 _aara
050 1 4 _aBP170.25 2014
100 3 _aالقدومي، عيسى صوفان,
_eauthor
_951520
245 0 0 _aالوقف الإسلامي: حقائق مضيئة
264 3 1 _aالكويت: الأمانة العامة للوقاف، 2014
300 _a111ص
336 _atext
_btxt
_2rdacontent
337 _aunmediated
_bn
_2rdamedia
338 _avolume
_bnc
_2rdacarrier
650 4 _aالكويت - اتاريخ - الوقف
_951521
999 _aA22766
_c26334
_d26334